000 00552nam a2200205Ia 4500
005 20260429112202.0
008 260429s9999||||xx |||||||||||||| ||und||
020 _a9783031205484
041 _aEnglish
082 _a512.55
_bVEN
100 _aVentre, Aldo G. S.
245 0 _aCalculus and linear algebra :
_bfundamentals and applications /
_cAldo G. S. Ventre
250 _a1st ed.
260 _aSwitzerland :
_bSpringer,
_c2023.
300 _axix, 531 p.; hb
650 _a Calculus
650 _a Linear
650 _aAlgebra
942 _cTB
999 _c52782
_d52782